| 000 | 01296cam a2200325 a 4500 | ||
|---|---|---|---|
| 001 | 16856540 | ||
| 003 | OSt | ||
| 005 | 20240216102255.0 | ||
| 008 | 110705s2011 caua b 001 0 eng d | ||
| 010 | _a 2011282721 | ||
| 020 | _a9780321767530 (pbk.) | ||
| 020 | _a0321767535 (pbk.) | ||
| 035 | _a(OCoLC)ocn682896802 | ||
| 040 |
_aBTCTA _cBTCTA _dYDXCP _dBWX _dORX _dDLC |
||
| 042 | _alccopycat | ||
| 050 | 0 | 0 |
_aNK1520 _b.W45 2011 |
| 082 | 0 | 4 |
_a745.4 _222 _bWEI |
| 100 | 1 |
_aWeinschenk, Susan. _9120618 |
|
| 245 | 1 | 0 |
_a100 things every designer needs to know about people / _cSusan Weinschenk. |
| 246 | 3 | _aOne hundred things every designer needs to know about people | |
| 260 |
_aBerkeley, CA : _bNew Riders, _cc2011. |
||
| 300 |
_axi, 242 p. : _bcol. ill. ; _c23 cm. |
||
| 490 | 0 | _aVoices that matter | |
| 504 | _aIncludes bibliographical references (p. 225-234) and index. | ||
| 520 | _aProvides information and examples to help designers create products, applications, Web sites, and print materials that match the way people think and feel. | ||
| 650 | 0 |
_aDesign _xPsychological aspects. _9120619 |
|
| 906 |
_a7 _bcbc _ccopycat _d2 _encip _f20 _gy-gencatlg |
||
| 942 |
_2ddc _cBK _aSADA _k745.4 WEI 2011 |
||
| 999 |
_c607806 _d607806 |
||